Normal view
MARC view
Entry Corporate Name
001 - CONTROL NUMBER
- control field: 63193
003 - CONTROL NUMBER IDENTIFIER
- control field: dpl
005 - DATE AND TIME OF LATEST TRANSACTION
- control field: 20240312172920.0
008 - FIXED-LENGTH DATA ELEMENTS
- fixed length control field: 240312|| aca||aabn | a|a d
040 ## - CATALOGING SOURCE
- Original cataloging agency: dpl
- Transcribing agency: dpl
110 ## - HEADING--CORPORATE NAME
- Corporate name or jurisdiction name as entry element: थोरात,गोरख
670 ## - SOURCE DATA FOUND
- Source citation: Work cat.: (dpl)201441: पाटील,चन्द्रकान्त 63192, स्मृतियों की रोशनी में/, 2022
